La Araucana.
Sábháilte in:
| Príomhchruthaitheoir: | |
|---|---|
| Formáid: | LEABHAR |
| Foilsithe / Cruthaithe: |
Santiago, Chile:
Nueva Generación; La Araucana Soluciones Sociales,
2009.
|
| Eagrán: | Quinta edición. |
| Ábhair: | |
| Clibeanna: |
Cuir clib leis
Níl clibeanna ann, Bí ar an gcéad duine le clib a chur leis an taifead seo!
|
MARC
| LEADER | 00000cam a2200000 a 4500 | ||
|---|---|---|---|
| 001 | UCC8497 | ||
| 003 | CL-VaPUC | ||
| 005 | 20230731092515.0 | ||
| 008 | 230125t2009 ||||| |||| 00| 0 eng d | ||
| 999 | |c 439965 |d 439963 | ||
| 020 | |a 956-226-029-1 | ||
| 040 | |c Pontificia Universidad Católica de Valparaíso | ||
| 082 | 0 | 4 | |a 861 ERC 2009 |2 21 |
| 100 | |a Ercilla y Zúñiga, Alonso de |e autor |9 267605 | ||
| 245 | 1 | 3 | |a La Araucana. |
| 250 | |a Quinta edición. |b Versión completa. | ||
| 260 | |a Santiago, Chile: |b Nueva Generación; |b La Araucana Soluciones Sociales, |c 2009. | ||
| 300 | |a 319 páginas | ||
| 500 | |a c.1 Donación Rectoria Diciembre 2022. | ||
| 500 | |a Esta versión es copia fiel de la edición publicada por Antonio de Sancha el año 1776 en Madrid. Además, se ha tenido a la vista la edición de 1590 impresa por Cristóbal Mosquera de Figueroa, también en Madrid, según la trascripción de José Toribio Medina aparecida el año 1923 en Santiago de Chile. | ||
| 583 | |a last modification |c 20190705 13:21:00 |k Catalogador Asistente | ||
| 650 | 0 | |a Poesía épica española |2 CL-VaPUC |9 268761 | |
| 650 | 0 | |a Poesías españolas |9 265100 | |
| 650 | 0 | |a Conquista española |2 CL-VaPUC |9 267777 | |
| 942 | |c BK |2 ddc | ||
| 945 | |d 20190705 13:21:00 |a dcastane | ||
| 952 | |0 0 |1 0 |2 ddc |4 0 |6 861_000000000000000_ERC_2009 |7 0 |8 A |9 588747 |a BIBEDU |b BIBEDU |c GEN |d 2023-01-25 |e Donación |i 5656516 |l 2 |o 861 ERC 2009 |p 5656516 |r 2024-10-15 |s 2024-10-09 |t 1 |w 2023-01-25 |y BK |k LIT | ||